<?xml version="1.0" encoding="UTF-8"?>
<record
    xmlns:xsi="http://www.w3.org/2001/XMLSchema-instance"
    xsi:schemaLocation="http://www.loc.gov/MARC21/slim http://www.loc.gov/standards/marcxml/schema/MARC21slim.xsd"
    xmlns="http://www.loc.gov/MARC21/slim">

  <leader>01596namaa22003371i 4500</leader>
  <controlfield tag="005">20260428122416.0</controlfield>
  <controlfield tag="008">260428s1995    ua a|||frm||| 000 0 eng d</controlfield>
  <datafield tag="040" ind1=" " ind2=" ">
    <subfield code="a">EG-GICUC</subfield>
    <subfield code="b">eng</subfield>
    <subfield code="c">EG-GICUC</subfield>
    <subfield code="d">EG-GICUC</subfield>
    <subfield code="e">rda</subfield>
  </datafield>
  <datafield tag="041" ind1="0" ind2=" ">
    <subfield code="a">eng</subfield>
    <subfield code="b">eng</subfield>
  </datafield>
  <datafield tag="049" ind1=" " ind2=" ">
    <subfield code="a">Deposit</subfield>
  </datafield>
  <datafield tag="097" ind1=" " ind2=" ">
    <subfield code="a">M.Sc</subfield>
  </datafield>
  <datafield tag="099" ind1=" " ind2=" ">
    <subfield code="a">Cai01.12.07.M.Sc.1995.En.S</subfield>
  </datafield>
  <datafield tag="100" ind1="0" ind2=" ">
    <subfield code="a">Enas Mohamed Ahmed Hassan,</subfield>
    <subfield code="e">preparation.</subfield>
  </datafield>
  <datafield tag="245" ind1="1" ind2="0">
    <subfield code="a">Site selectivity in dipolar cycloaddition reacyions of nitrilimines with polyfunctional dipole /</subfield>
    <subfield code="c">By Enas Mohamed Ahmed Hassan ; Supervised Prof. Dr. Ahmed S. Shawali, Prof. Dr. Hamdi M. Hassneen, Pirof. Dr. Orchidee H. Hishmat, Prof. Dr. Atiat M. Nasef</subfield>
  </datafield>
  <datafield tag="246" ind1="1" ind2="5">
    <subfield code="a">&#x627;&#x646;&#x62A;&#x642;&#x627;&#x626;&#x64A;&#x629; &#x627;&#x644;&#x645;&#x648;&#x642;&#x639; &#x641;&#x64A; &#x62A;&#x641;&#x627;&#x639;&#x644;&#x627;&#x62A; &#x627;&#x644;&#x627;&#x636;&#x627;&#x641;&#x629; &#x627;&#x644;&#x62D;&#x644;&#x642;&#x64A;&#x629; &#x62B;&#x646;&#x627;&#x626;&#x629; &#x627;&#x644;&#x642;&#x637;&#x628; &#x644;&#x644;&#x646;&#x62A;&#x631;&#x64A;&#x644;&#x64A;&#x645;&#x64A;&#x646;&#x627;&#x62A; &#x645;&#x639; &#x627;&#x644;&#x62F;&#x627;&#x64A; &#x628;&#x648;&#x644;&#x627;&#x631;&#x648;&#x641;&#x64A;&#x644;&#x627;&#x62A; &#x645;&#x62A;&#x639;&#x62F;&#x62F;&#x629; &#x627;&#x644;&#x645;&#x62C;&#x645;&#x648;&#x639;&#x627;&#x62A; &#x627;&#x644;&#x648;&#x638;&#x64A;&#x641;&#x64A;&#x629; </subfield>
  </datafield>
  <datafield tag="264" ind1=" " ind2="0">
    <subfield code="c">1995.</subfield>
  </datafield>
  <datafield tag="300" ind1=" " ind2=" ">
    <subfield code="a">72 Leaves</subfield>
    <subfield code="b">illustrations </subfield>
    <subfield code="c">30 cm. + </subfield>
  </datafield>
  <datafield tag="336" ind1=" " ind2=" ">
    <subfield code="2">rda content</subfield>
    <subfield code="a">text</subfield>
  </datafield>
  <datafield tag="337" ind1=" " ind2=" ">
    <subfield code="2">rdamedia</subfield>
    <subfield code="a">Unmediated</subfield>
  </datafield>
  <datafield tag="338" ind1=" " ind2=" ">
    <subfield code="2">rdacarrier</subfield>
    <subfield code="a">volume</subfield>
  </datafield>
  <datafield tag="502" ind1=" " ind2=" ">
    <subfield code="a">Thesis (M.Sc.)-Cairo University, 1995</subfield>
  </datafield>
  <datafield tag="504" ind1=" " ind2=" ">
    <subfield code="a">Bibliography: pages 66-72</subfield>
  </datafield>
  <datafield tag="653" ind1=" " ind2="0">
    <subfield code="a">polyfunctional dipole</subfield>
  </datafield>
  <datafield tag="700" ind1="0" ind2=" ">
    <subfield code="a">Ahmed S. Shawali</subfield>
    <subfield code="e">thesis advisor.</subfield>
  </datafield>
  <datafield tag="700" ind1="0" ind2=" ">
    <subfield code="a">Hamdi M. Hassneen</subfield>
    <subfield code="e">thesis advisor.</subfield>
  </datafield>
  <datafield tag="700" ind1="0" ind2=" ">
    <subfield code="a">Orchidee H. Hishmat</subfield>
    <subfield code="e">thesis advisor.</subfield>
  </datafield>
  <datafield tag="700" ind1="0" ind2=" ">
    <subfield code="a">Atiat M. Nasef</subfield>
    <subfield code="e">thesis advisor.</subfield>
  </datafield>
  <datafield tag="900" ind1=" " ind2=" ">
    <subfield code="D">Department of Chemistry</subfield>
    <subfield code="F">Faculty of Science</subfield>
    <subfield code="U">Cairo University</subfield>
    <subfield code="b">1995</subfield>
    <subfield code="c">Ahmed S. Shawali</subfield>
    <subfield code="c">Hamdi M. Hassneen</subfield>
    <subfield code="c">Orchidee H. Hishmat</subfield>
    <subfield code="c">Atiat M. Nasef</subfield>
  </datafield>
  <datafield tag="905" ind1=" " ind2=" ">
    <subfield code="a">Nehad</subfield>
  </datafield>
  <datafield tag="942" ind1=" " ind2=" ">
    <subfield code="2">ddc</subfield>
    <subfield code="c">TH</subfield>
    <subfield code="e">21</subfield>
    <subfield code="n">0</subfield>
  </datafield>
  <datafield tag="999" ind1=" " ind2=" ">
    <subfield code="c">179783</subfield>
  </datafield>
  <datafield tag="952" ind1=" " ind2=" ">
    <subfield code="2">ddc</subfield>
    <subfield code="9">317285</subfield>
    <subfield code="a">CUCL</subfield>
    <subfield code="b">100</subfield>
    <subfield code="d">2026-04-28</subfield>
    <subfield code="i">26394</subfield>
    <subfield code="o">Cai01.12.07.M.Sc.1995.En.S</subfield>
    <subfield code="p">01010110026394000</subfield>
    <subfield code="r">2026-04-28 11:27:05</subfield>
    <subfield code="w">2026-04-28</subfield>
    <subfield code="y">TH</subfield>
  </datafield>
</record>
